تحقيق کافن: (Record no. 608133)
[ view plain ]
| 000 -LEADER | |
|---|---|
| fixed length control field | 00642nam a2200205 a 4500 |
| 003 - CONTROL NUMBER IDENTIFIER | |
| control field | OSt |
| 005 - DATE AND TIME OF LATEST TRANSACTION | |
| control field | 20240226100216.0 |
| 008 - FIXED-LENGTH DATA ELEMENTS--GENERAL INFORMATION | |
| fixed length control field | 180309t2017 pk | |||| 000 0 urd d |
| 020 ## - INTERNATIONAL STANDARD BOOK NUMBER | |
| International Standard Book Number | 9699988189 |
| 040 ## - CATALOGING SOURCE | |
| Transcribing agency | 0 |
| 082 ## - DEWEY DECIMAL CLASSIFICATION NUMBER | |
| Classification number | 001.4 |
| Author Mark | GIY 2017 |
| 100 1# - MAIN ENTRY--PERSONAL NAME | |
| Personal name | گيان چند |
| 9 (RLIN) | 121290 |
| 245 10 - TITLE STATEMENT | |
| Title | تحقيق کافن: |
| Remainder of title | اضافہ شدہ ايڈيشن |
| 246 ## - VARYING FORM OF TITLE | |
| Title proper/short title | Tehqeeq Ka Fun: |
| Remainder of title | Izafa Shuda Edition |
| 260 ## - PUBLICATION, DISTRIBUTION, ETC. | |
| Place of publication, distribution, etc. | Lahore: |
| Name of publisher, distributor, etc. | Peace Pub; |
| Date of publication, distribution, etc. | 2017. |
| 300 ## - PHYSICAL DESCRIPTION | |
| Extent | 650 p. |
| 650 ## - SUBJECT ADDED ENTRY--TOPICAL TERM | |
| Topical term or geographic name entry element | Research Methodology |
| 9 (RLIN) | 9883 |
| 942 ## - ADDED ENTRY ELEMENTS (KOHA) | |
| Source of classification or shelving scheme | |
| Koha item type | Book |
| Institution code [OBSOLETE] | SADA |
| Call number prefix | 001.4 GIY 2017 |
| Withdrawn status | Lost status | Source of classification or shelving scheme | Damaged status | Not for loan | Permanent Location | Current Location | Date acquired | Source of acquisition | Total Checkouts | Full call number | Barcode | Date last seen | Cost, replacement price | Price effective from | Koha item type |
|---|---|---|---|---|---|---|---|---|---|---|---|---|---|---|---|
| School of Art Design and Architecture (SADA) | School of Art Design and Architecture (SADA) | 02/09/2018 | Donation | 001.4 GIY 2017 | SADAD0000246 | 02/26/2024 | 420.00 | 02/26/2024 | Book |
